00614nam a2200217Ia 4500003000900000005001700009008004100026040003300067041000800100080001300108100001900121245004000140260002500180300003500205650000800240650001500248650001200263942000700275952009700282999001700379LK-CoDNM20240807153450.0010623t1911 xxu||||| |||| 00| 1 eng d aLK-CoDNMdLK-CoDNMeLK-CoDNM aeng a16 bS18 aGarstang,John. aMeroe : The city of the Ethhiopians bOxfordaLondonc1911 bviii, 94p. : ill , ill ; 29 cm aArt aSun Temple aTemples cBK 001041708OBCaMAINbMAINcREFd2024-08-07l0o16 S18pOB4742r2024-08-07w2024-08-07yBK c87445d87445